M&Ms Colors - Statistics

General Stats
  • This quiz has been taken 93 times
  • The average score is 6 of 6
Answer Stats
Colors % Correct
Red
100%
Green
99%
Yellow
99%
Blue
97%
Brown
95%
Orange
89%
No matching quizzes found
Score Distribution
Percent of People with Each Score
Percentile by Number Answered
Your Score History
You have not taken this quiz